000 00555nam a2200205Ia 4500
005 20250923145849.0
008 008 250917s9999 xx 000 0 eng d
037 _aTextual
040 _aDSWL
_beng
_cDSWL
041 _aeng
_2eng
084 _aX:75, N67;1
_qDSWL
100 _aTinbergen, Jan
_9839704
245 0 _aDevelopment Planning
_c by Jan Tinbergen
260 _aLondon
_b University web Press
_c1967
300 _a256p.
365 _aUSD
_b2.45
925 _g2.45
942 _cTEXL
_hX:75, N67;1
999 _c1456651
_d1456651